Current trends in human genetics and physical anthropology / (Record no. 151548)

MARC details
000 -LEADER
fixed length control field 00631nam a22001937a 4500
005 - DATE AND TIME OF LATEST TRANSACTION
control field 20180503110413.0
010 ## - LCCN (DPL NO)
LC control number ENG-122711
020 ## - INTERNATIONAL STANDARD BOOK NUMBER
Terms of availability 1450.00
035 ## - SYSTEM CONTROL NUMBER
System control number EN-106243
037 ## - SOURCE OF ACQUISITION
Source of stock number/acquisition DBAD/PUB
082 ## - DEWEY DECIMAL CLASSIFICATION NUMBER
Classification number 616.042
100 ## - MAIN ENTRY--PERSONAL NAME
Personal name Reddy, V. Rami
245 ## - TITLE STATEMENT
Title Current trends in human genetics and physical anthropology /
Statement of responsibility, etc by V. Rami Reddy
260 ## - PUBLICATION, DISTRIBUTION, ETC. (IMPRINT)
Place of publication, distribution, etc Tirupati
Name of publisher, distributor, etc Dr (Mrs) V. Indira
Date of publication, distribution, etc 2012
270 ## - ADDRESS
Address #8-30, (Opp.) Vidyanagar, Svunt Colony,
City Tirupati (Amdhra Pradesh)
Postal code 517502
300 ## - PHYSICAL DESCRIPTION
Extent 307p.
Dimensions 25cm(pbk)
Other physical details ill.
500 ## - GENERAL NOTE
General note It include bibliography and index
942 ## - ADDED ENTRY ELEMENTS (KOHA)
Source of classification or shelving scheme Dewey Decimal Classification
Item type English Books
Call number suffix RED
Classification part 616.042
Holdings
Withdrawn status Lost status Not for loan Collection code Home library Current library Date acquired Source of acquisition Cost, normal purchase price Full call number Barcode Copy number Cost, replacement price Koha item type
    Not For Loan Non-fiction D.B.Act.Division Bawana 19/04/2018 DBAD/PUB 1450.00 616.042 RED EN-106243 1 1450.00 English Books

© Delhi Public Library
Hit Counter
free hit counter